The equation of life [DVD/videorecording] : a film ... Read More
Record details
- Physical Description: 1 videodisc (32 min.) : sound, color ; 4 3/4 in.
- Publisher: Place of publication not identified : Publisher not identified, 2014
Content descriptions
| General Note: | Title from web page. Originally released as a motion picture in 2013. |
| Participant or Performer Note: | Willow Hale, Gerry Orz, Zachary Haven, Jenna ... Read More |
| Summary, etc.: | Inspired by a true story. When eleven year old ... Read More |
| Target Audience Note: | Rating: Not rated. |
| System Details Note: | DVD, widescreen 16x9 (1.78:1) presentation. |
| Language Note: | English dialogue; Spanish subtitles. |
Search for related items by subject
| Subject: | Boys > Juvenile drama. Bullying > Juvenile drama. Boys > Drama. Bullying > Drama. Muchachos > Cinematografía. Intimidación > Cinematografía. |
| Genre: | Short films. Children's films. |
| LDR | 02773cgm a2200637Ki 4500 | ||
|---|---|---|---|
| 001 | 170846 | ||
| 003 | LARL_NWRL_CONSORTIUM | ||
| 005 | 20141015112812.0 | ||
| 007 | vd cvaizq | ||
| 008 | 140905p20142013xxu032 vleng d | ||
| 024 | 1 | . | ‡a826262011994 |
| 028 | 4 | 2. | ‡aSHL-DV-119 ‡bShelter Island |
| 035 | . | ‡a(OCoLC)890038266 | |
| 037 | . | ‡bMidwest Tape ‡nhttp://www.midwesttapes.com | |
| 040 | . | ‡aTEFMT ‡beng ‡erda ‡cTEFMT ‡dTEF | |
| 041 | 1 | . | ‡aeng ‡jspa ‡heng |
| 050 | 1 | 4. | ‡aPN1997.2 ‡b.E683 2014 |
| 082 | 0 | 4. | ‡a791.43/72 ‡223 |
| 245 | 0 | 4. | ‡aThe equation of life ‡h[DVD/videorecording] : ‡ba film about bullying through the eyes of a child / ‡cdirected by Gerry Orz. |
| 260 | . | ‡aPlace of publication not identified : ‡bPublisher not identified, ‡c2014 | |
| 260 | . | ‡aUnited States : ‡bShelter Island | |
| 260 | . | ‡c©2014 | |
| 300 | . | ‡a1 videodisc (32 min.) : ‡bsound, color ; ‡c4 3/4 in. | |
| 336 | . | ‡atwo-dimensional moving image ‡btdi ‡2rdacontent | |
| 337 | . | ‡avideo ‡bv ‡2rdamedia | |
| 338 | . | ‡avideodisc ‡bvd ‡2rdacarrier | |
| 344 | . | ‡adigital ‡boptical ‡2rda | |
| 347 | . | ‡avideo file ‡bDVD video ‡2rda | |
| 538 | . | ‡aDVD, widescreen 16x9 (1.78:1) presentation. | |
| 546 | . | ‡aEnglish dialogue; Spanish subtitles. | |
| 500 | . | ‡aTitle from web page. | |
| 511 | 1 | . | ‡aWillow Hale, Gerry Orz, Zachary Haven, Jenna Jordan, Terra Jordan, Kaitlin Morgan. |
| 500 | . | ‡aOriginally released as a motion picture in 2013. | |
| 521 | 8 | . | ‡aRating: Not rated. |
| 520 | . | ‡aInspired by a true story. When eleven year old Adam is bullied in his new town on his way to school, he begins to video journal his daily experiences. When he finally takes matters into his own hands, everyone around him is affected. His parents, his sister, the bully and his mother; they all pay a price for their actions. | |
| 650 | 0. | ‡aBoys ‡vJuvenile drama. | |
| 650 | 0. | ‡aBullying ‡vJuvenile drama. | |
| 650 | 1. | ‡aBoys ‡vDrama. ‡0(LARL_NWRL_CONSORTIUM)171067 | |
| 650 | 1. | ‡aBullying ‡vDrama. | |
| 650 | 7. | ‡aMuchachos ‡vCinematografía. ‡2bidex | |
| 650 | 7. | ‡aIntimidación ‡vCinematografía. ‡2bidex | |
| 655 | 7. | ‡aShort films. ‡2lcgft ‡0(LARL_NWRL_CONSORTIUM)175637 | |
| 655 | 7. | ‡aChildren's films. ‡2lcgft ‡0(LARL_NWRL_CONSORTIUM)175624 | |
| 700 | 1 | . | ‡aOrz, Gerry, ‡efilm director, ‡eactor. |
| 700 | 1 | . | ‡aHale, Willow, ‡eactor. |
| 700 | 1 | . | ‡aHaven, Zachary, ‡eactor. |
| 700 | 1 | . | ‡aJordan, Jenna, ‡eactor. |
| 700 | 1 | . | ‡aJordan, Terra, ‡eactor. |
| 700 | 1 | . | ‡aMorgan, Kaitlin, ‡eactor. |
| 710 | 2 | . | ‡aShelter Island (Firm), ‡efilm distributor. |
| 948 | . | ‡hNO HOLDINGS IN LAL - 13 OTHER HOLDINGS | |
| 994 | . | ‡aZ0 ‡bLAL | |
| 901 | . | ‡a170846 ‡bOCLC ‡c170846 ‡tbiblio | |

Add to basket
Permalink
Disable Highlighting